00898nam a2200229 a 4500001001000000003000500010005001700015008004100032010001100073011001100084040000900095100002900104245014700133260004100280500006000321502012800381650002100509650002200530650002600552650002000578856007000598000111819CHAP20220329144230.0150921s2015 mx sm |||||||spa d a108280 a109252 cCHAP1 aLarios Saldivar, Dolores10aAnálisis de los factores que determinan las variaciones en la producción de café en Méxicoh[En línea]cpor Dolores Larios Saldivar. aChapingo, Méx. :bEl autor,c2015. aPara ver el contenido del material haga clic en la liga aTesis (M.C. en Economía Agricola y de los Recursos Naturales) -- UACH. División de Ciencias Económico Administrativas14aCaféxConsumo.14aCaféxMercadeo.14aCaféxProducción.14aCafeticultores. aFinding aiduhttp://10.13.5.2/tesis/sist111819.pdfzTeclea aquí